| 000 | 01290nam a22002297a 4500 | ||
|---|---|---|---|
| 999 |
_c57254 _d57254 |
||
| 003 | Ge_BSU | ||
| 005 | 20200129101615.0 | ||
| 008 | 200129s2009 ||||| |||| 00| 0 geo d | ||
| 041 | _ageo | ||
| 080 | _a341.231.14(075) ნ-79 | ||
| 100 |
_aნოვაკი, მანფრედ. _91296 |
||
| 245 |
_aადამიანის უფლებები : _bსახელმძღვანელო პარლამენტარებისათვის / _cმანფრედ ნოვაკი ; ჯეროენ კლოკი ; და ინდერბორგა შვარცი ; თარგმ : ლაშა ჭელიძე ; რედ. ეკატერინე სამუშია |
||
| 264 |
_aთბილისი _c2009. |
||
| 300 |
_a243 გვ. ; _c23 სმ. |
||
| 653 | _aადამიანის ძირითადი უფლებები | ||
| 653 | _aსამართალი | ||
| 700 |
_aკლოკი, ჯეროენ _96464 |
||
| 700 |
_a შვარცი, ინდერბორგა _96465 |
||
| 700 |
_aჭელიძე, ლაშა _eთარგმანი _91297 |
||
| 700 |
_a სამუშია, ეკატერინე _eრედაქტორი _96466 |
||
| 942 |
_2udc _cBK |
||